Lakásvásárlás kontra bérlés Összehasonlító elemzés magyar viszonylatok között

Bibliographic Details
Main Author: Nemes Erika
Other Authors: Sági Doktor Judit
Format: Final Paper
Kulcsszavak:lakásbérlés
lakásvásárlás
ingatlanpiac
Online Access:http://dolgozattar.uni-bge.hu/11194

MARC

LEADER 00000nta a2200000 i 4500
001 dolg11194
005 20170516091127.0
008 170516suuuu hu o 000 hun d
040 |a BGE Dolgozattár Repozitórium  |b hun 
041 |a hu 
100 1 |a Nemes Erika 
245 1 0 |a Lakásvásárlás kontra bérlés Összehasonlító elemzés magyar viszonylatok között  |c Nemes Erika  |h [elektronikus dokumentum] 
246 1 1 |a Lakásvásárlás kontra bérlés Összehasonlító elemzés magyar viszonylatok között 
516 |a Final_paper 
695 |a lakásbérlés 
695 |a lakásvásárlás 
695 |a ingatlanpiac 
700 1 |a Sági Doktor Judit  |e ths 
856 4 0 |u http://dolgozattar.uni-bge.hu/11194/1/Nemes%20Erika%20szakdolgozat.pdf  |z Dokumentum-elérés 
856 4 0 |u http://dolgozattar.uni-bge.hu/11194/3/nyilatkozatdiplmunka.pdf  |z Dokumentum-elérés